An introduction to combustion : (Record no. 71003)

MARC details
000 -LEADER
fixed length control field 01048nam a22002777a 4500
005 - DATE AND TIME OF LATEST TRANSACTION
control field 20121019112153.0
008 - FIXED-LENGTH DATA ELEMENTS--GENERAL INFORMATION
fixed length control field 121019t xxu||||| |||| 00| 0 eng d
010 ## - LCCN (DPL NO)
LC control number ENG-106107
020 ## - INTERNATIONAL STANDARD BOOK NUMBER
International Standard Book Number 9781259025945
Terms of availability 495.00
020 ## - INTERNATIONAL STANDARD BOOK NUMBER
International Standard Book Number 1259025942
Terms of availability 495.00
035 ## - SYSTEM CONTROL NUMBER
System control number EN-89640
037 ## - SOURCE OF ACQUISITION
Source of stock number/acquisition DBAD/PUB
040 ## - CATALOGING SOURCE
Original cataloging agency DPL
Language of cataloging Eng
082 00 - DEWEY DECIMAL CLASSIFICATION NUMBER
Classification number 621.4023
Edition number 22
100 1# - MAIN ENTRY--PERSONAL NAME
Personal name Turns, Stephen R.
9 (RLIN) 53252
245 13 - TITLE STATEMENT
Title An introduction to combustion :
Remainder of title concepts and applications /
Statement of responsibility, etc by Stephen R. Turns
250 ## - EDITION STATEMENT
Edition statement 3rd ed
260 ## - PUBLICATION, DISTRIBUTION, ETC. (IMPRINT)
Place of publication, distribution, etc New Delhi
Name of publisher, distributor, etc Tata McGraw-Hill
Date of publication, distribution, etc 2012
270 ## - ADDRESS
Address 7 West Patel Nagar
City New Delhi
Postal code 110008
300 ## - PHYSICAL DESCRIPTION
Extent xvii, 732p. :
Other physical details ill.
Dimensions 24cm(pbk)
500 ## - GENERAL NOTE
General note Includes bibliographical references and index.
650 #0 - SUBJECT ADDED ENTRY--TOPICAL TERM
Topical term or geographic name as entry element Combustion engineering.
9 (RLIN) 53253
942 ## - ADDED ENTRY ELEMENTS (KOHA)
Source of classification or shelving scheme Dewey Decimal Classification
Item type English Books
Classification part 621.4023
Call number suffix TUR
Holdings
Withdrawn status Lost status Source of classification or shelving scheme Damaged status Not for loan Collection code Home library Current library Date acquired Source of acquisition Cost, normal purchase price Total Checkouts Full call number Barcode Date last seen Copy number Cost, replacement price Koha item type
    Dewey Decimal Classification   Not For Loan Non-fiction D.B.Act.Division D.B.Act.Division 19/10/2012 DBAD/PUB 495.00   621.4023 TUR EN-89640 19/10/2012 1 495.00 English Books

© Delhi Public Library
Hit Counter
free hit counter